Investing in apartment buildings : create a reliable stream of income and build long-term wealth (Record no. 220630)

MARC details
000 -LEADER
fixed length control field 00827nam a2200241Ia 4500
008 - FIXED-LENGTH DATA ELEMENTS--GENERAL INFORMATION
fixed length control field 191130s2009##################000#0#eng##
020 ## - INTERNATIONAL STANDARD BOOK NUMBER
ISBN 9780071498869
082 ## - DEWEY DECIMAL CLASSIFICATION NUMBER
Classification number 333.3380973 MAR
100 ## - MAIN ENTRY--AUTHOR NAME
Personal name Martinez, Matthew A
245 ## - TITLE STATEMENT
Title Investing in apartment buildings : create a reliable stream of income and build long-term wealth
Statement of responsibility, etc Matthew A. Martinez
260 ## - PUBLICATION, DISTRIBUTION, ETC. (IMPRINT)
Place of publication New York
Name of publisher McGraw-Hill
Year of publication c2009
300 ## - PHYSICAL DESCRIPTION
Number of Pages xi, 223 p. : ill. ; 23 cm
500 ## - GENERAL NOTE
General note Includes bibliographical references (p. 191-192) and index
650 ## - SUBJECT ADDED ENTRY--TOPICAL TERM
Topical Term Apartment houses
Topical Term Apartment houses - United States
Topical Term Real estate investment
Topical Term Real estate investment - United States
991 ## -
-- 201679
Holdings
Withdrawn status Lost status Damaged status Not for loan Home library Current library Shelving location Date acquired Full call number Accession Number Price effective from Koha item type
        Anna Centenary Library Anna Centenary Library 4TH FLOOR, A WING 13.10.2020 333.3380973 MAR 406319 13.10.2020 English Books

Find us on the map